<?xml version="1.0" encoding="UTF-8"?>
<collection xmlns="http://www.loc.gov/MARC21/slim">
 <record>
  <leader>01095nam a2200205Ia 4500</leader>
  <controlfield tag="001">TDMU_7667</controlfield>
  <controlfield tag="008">210410s9999    xx            000 0 und d</controlfield>
  <datafield tag="082" ind1=" " ind2=" ">
   <subfield code="a">571.2</subfield>
  </datafield>
  <datafield tag="090" ind1=" " ind2=" ">
   <subfield code="b">NG528</subfield>
  </datafield>
  <datafield tag="100" ind1=" " ind2=" ">
   <subfield code="a">NguyêÌƒn, Như Khanh</subfield>
  </datafield>
  <datafield tag="245" ind1=" " ind2="0">
   <subfield code="a">Sinh hoÌ£c phaÌt triêÌ‰n thưÌ£c vâÌ£t</subfield>
  </datafield>
  <datafield tag="245" ind1=" " ind2="0">
   <subfield code="c">NguyêÌƒn Như Khanh</subfield>
  </datafield>
  <datafield tag="260" ind1=" " ind2=" ">
   <subfield code="a">H.</subfield>
  </datafield>
  <datafield tag="260" ind1=" " ind2=" ">
   <subfield code="b">GiaÌo duÌ£c</subfield>
  </datafield>
  <datafield tag="260" ind1=" " ind2=" ">
   <subfield code="c">2009</subfield>
  </datafield>
  <datafield tag="300" ind1=" " ind2=" ">
   <subfield code="a">179 tr.</subfield>
  </datafield>
  <datafield tag="520" ind1=" " ind2=" ">
   <subfield code="a">TriÌ€nh baÌ€y caÌc cơ sơÌ‰ phân tưÌ‰, truyêÌ€n tiÌn hiêÌ£u trong sinh hoÌ£c phaÌt triêÌ‰n thưÌ£c vâÌ£t; kiêÌ‰m tra quaÌ triÌ€nh phaÌt triêÌ‰n vaÌ€ chu triÌ€nh sôÌng cuÌ‰a têÌ baÌ€o trong phaÌt triêÌ‰n thưÌ£c vâÌ£t,...</subfield>
  </datafield>
  <datafield tag="650" ind1=" " ind2=" ">
   <subfield code="a">Sinh lyÌ hoÌ£c thưÌ£c vâÌ£t; ThưÌ£c vâÌ£t</subfield>
   <subfield code="x">PhaÌt triêÌ‰n; Sinh hoÌ£c</subfield>
   <subfield code="x">PhaÌt triêÌ‰n</subfield>
  </datafield>
  <datafield tag="856" ind1=" " ind2=" ">
   <subfield code="u">http://lrc.tdmu.edu.vn/opac/search/detail.asp?aID=2&amp;ID=7667</subfield>
  </datafield>
  <datafield tag="980" ind1=" " ind2=" ">
   <subfield code="a">Trung tâm Học liệu Trường Đại học Thủ Dầu Một</subfield>
  </datafield>
 </record>
</collection>
